[Event "World Blitz 2016"]
[Site "Doha QAT"]
[Date "2016.12.29"]
[Round "10.31"]
[White "Halkias, Stelios"]
[Black "Li, Chao b"]
[Result "0-1"]
[WhiteTitle "GM"]
[BlackTitle "GM"]
[WhiteElo "2585"]
[BlackElo "2720"]
[WhiteFideId "4201809"]
[BlackFideId "8604436"]
[EventDate "2016.12.29"]

1. Nf3 Nf6 2. c4 g6 3. Nc3 d5 4. d4 Bg7 5. cxd5 Nxd5 6. e4 Nxc3 7. bxc3 c5 8.
Rb1 O-O 9. Be2 Qa5 10. O-O Qxa2 11. Bg5 Qe6 12. Re1 h6 13. Bh4 Nd7 14. Bd3 cxd4
15. cxd4 Nb6 16. d5 Qd7 17. Qc2 Qd8 18. h3 Bd7 19. d6 g5 20. Bg3 exd6 21. Bxd6
Ba4 22. Qc7 Rc8 23. Qxd8 Rfxd8 24. e5 Bxe5 25. Bxe5 Rxd3 26. Ba1 Rb3 27. Ne5
Rxb1 28. Rxb1 Rd8 29. Ng4 Kh7 30. Nf6+ Kg6 31. Ng4 f5 32. Ne5+ Kh7 33. Nf7 Rd7
34. Ne5 Rd1+ 35. Rxd1 Bxd1 36. Nf7 Nc4 37. Kf1 b5 38. Ke1 Bc2 39. Ne5 Nxe5 40.
Bxe5 f4 41. g3 f3 42. Kd2 Bf5 43. h4 gxh4 44. gxh4 Kg6 45. Ke3 Bg4 46. Kf4 Kh5
47. Kg3 b4 48. Bc7 0-1

[Event "World Blitz 2016"]
[Site "Doha QAT"]
[Date "2016.12.29"]
[Round "10.32"]
[White "Tomashevsky, Evgeny"]
[Black "Belyakov, Bogdan"]
[Result "1/2-1/2"]
[WhiteTitle "GM"]
[BlackTitle "IM"]
[WhiteElo "2716"]
[BlackElo "2487"]
[WhiteFideId "4147235"]
[BlackFideId "24104795"]
[EventDate "2016.12.29"]

1. c4 Nf6 2. Nc3 g6 3. e4 d6 4. d4 Bg7 5. h3 O-O 6. Be3 e5 7. d5 a5 8. g4 Na6 9.
Nge2 Nd7 10. Ng3 Ndc5 11. h4 f5 12. gxf5 gxf5 13. exf5 e4 14. Qg4 Kh8 15. O-O-O
a4 16. Ncxe4 a3 17. bxa3 Nxe4 18. Qxe4 Nc5 19. Qf4 Rxa3 20. Bd4 Bxd4 21. Qxd4+
Qf6 22. Qxf6+ Rxf6 23. Rd2 Bxf5 24. Nxf5 Rxf5 25. Rg1 Rc3+ 26. Kb2 Rcf3 27. Rg2
Na4+ 28. Kc2 Rc3+ 29. Kb1 Re5 30. Re2 Rxc4 31. Rxe5 Rb4+ 32. Kc2 dxe5 33. Rg5
Rb2+ 34. Kc1 Rxf2 35. Bc4 h6 36. Rxe5 Rf4 37. Bb3 Nc5 38. Re8+ Kg7 39. Re7+ Kf6
40. Rxc7 Nxb3+ 41. axb3 Rxh4 42. Rxb7 Ke5 43. Rd7 Rh2 44. b4 Rh4 45. b5 Rb4 46.
Rh7 Rxb5 47. Rxh6 1/2-1/2

[Event "World Blitz 2016"]
[Site "Doha QAT"]
[Date "2016.12.29"]
[Round "10.33"]
[White "Ghaem Maghami, Ehsan"]
[Black "Moiseenko, Alexander"]
[Result "1-0"]
[WhiteTitle "GM"]
[BlackTitle "GM"]
[WhiteElo "2574"]
[BlackElo "2657"]
[WhiteFideId "12500739"]
[BlackFideId "14102560"]
[EventDate "2016.12.29"]

1. e4 c5 2. Nf3 Nc6 3. Bb5 d6 4. O-O Bd7 5. Re1 Nf6 6. c3 a6 7. Bf1 Bg4 8. d4
cxd4 9. cxd4 e5 10. d5 Nd4 11. Be3 Nxf3+ 12. gxf3 Bc8 13. Nd2 Be7 14. Nc4 Nd7
15. Qd2 O-O 16. f4 exf4 17. Bxf4 Nf6 18. Qb4 Ne8 19. Qb6 Qd7 20. Qe3 Qd8 21.
Rac1 b5 22. Nb6 Rb8 23. Nxc8 Rxc8 24. Bh3 Rxc1 25. Rxc1 Nf6 26. b4 Qb8 27. Rc6
Nh5 28. Bg5 Bxg5 29. Qxg5 g6 30. Bg4 Ng7 31. Qe7 Re8 32. Qd7 h5 33. Bf3 Qd8 34.
Qxd8 Rxd8 35. Rxa6 Ne8 36. Be2 Rb8 37. f3 Kf8 38. Kf2 Ke7 39. Ra7+ Kf6 40. Ke3
g5 41. Kd4 h4 42. Bf1 Kg7 43. Bh3 Nf6 44. Be6 Rf8 45. Bf5 Nh5 46. Ra5 Rb8 47.
Bd7 Nf6 48. Bxb5 g4 49. fxg4 Nxg4 50. h3 Ne5 51. a3 Rc8 52. Bc6 Kf6 53. b5 Rg8
54. Kc3 Rg3+ 55. Kc2 Rxh3 56. b6 Rh2+ 57. Kc3 Rh3+ 58. Kc2 Rh2+ 59. Kb3 Rh1 60.
Rb5 h3 61. b7 Rb1+ 62. Ka4 Rxb5 63. Kxb5 Nxc6 64. dxc6 h2 65. b8=Q h1=Q 66.
Qxd6+ Kg7 67. Qe5+ f6 68. Qg3+ Kf7 69. Qb3+ Ke7 70. Kb6 Qh2 71. Kb7 Qe5 72. Qb4+
Ke8 73. a4 f5 74. exf5 Qxf5 75. Qb5 Qf3 76. Kb8 Qf4+ 77. c7+ Ke7 78. a5 Qd6 79.
a6 Qh2 80. a7 1-0

[Event "World Blitz 2016"]
[Site "Doha QAT"]
[Date "2016.12.29"]
[Round "10.34"]
[White "Howell, David W L"]
[Black "Najer, Evgeniy"]
[Result "0-1"]
[WhiteTitle "GM"]
[BlackTitle "GM"]
[WhiteElo "2644"]
[BlackElo "2679"]
[WhiteFideId "410608"]
[BlackFideId "4118987"]
[EventDate "2016.12.29"]

1. Nf3 d5 2. c4 d4 3. b4 Bg4 4. Qb3 Bxf3 5. Qxf3 c6 6. g3 e5 7. Qb3 Nf6 8. Bg2
a5 9. b5 a4 10. Qb2 Bc5 11. O-O O-O 12. d3 Qc7 13. Na3 h6 14. Rb1 Qd6 15. Nc2
Nbd7 16. Bd2 Rfe8 17. bxc6 bxc6 18. Qb7 e4 19. Bf4 Qe6 20. dxe4 Qxc4 21. Nb4
Rab8 22. Bxb8 Rxb8 23. Qxc6 Rxb4 24. Rbc1 Qxe2 25. Bh3 d3 26. Bxd7 d2 27. Qxc5
dxc1=Q 28. Rxc1 Rb8 29. Bf5 Qxa2 30. e5 Ne8 31. e6 fxe6 32. Bg6 Qd5 33. Qe7 Nf6
34. h4 Kh8 35. Qa7 Ra8 36. Qe3 a3 37. Ra1 a2 38. Qe2 Qb3 39. Kg2 Ng8 40. Be4 Ra7
41. Bd3 Qd5+ 42. Be4 Qd4 43. Qe1 Nf6 44. Bf3 e5 45. Kg1 e4 46. Bg2 Ng4 0-1

[Event "World Blitz 2016"]
[Site "Doha QAT"]
[Date "2016.12.29"]
[Round "10.35"]
[White "Kozul, Zdenko"]
[Black "Lalith, Babu M R"]
[Result "0-1"]
[WhiteTitle "GM"]
[BlackTitle "GM"]
[WhiteElo "2613"]
[BlackElo "2587"]
[WhiteFideId "14502879"]
[BlackFideId "5024595"]
[EventDate "2016.12.29"]

1. Nf3 Nf6 2. g3 d5 3. Bg2 e6 4. O-O Be7 5. d3 O-O 6. Nbd2 a5 7. e4 a4 8. e5
Nfd7 9. Re1 a3 10. b3 Bb4 11. c4 Bc3 12. Rb1 Nc6 13. b4 Nxb4 14. Rb3 d4 15. Bxa3
Nxd3 16. Bxf8 Nxe1 17. Bb4 Bxb4 18. Rxb4 Nxg2 19. Kxg2 Rxa2 20. c5 d3 21. Ne4
Ra3 22. Rd4 Qe7 23. Rxd3 Rxd3 24. Qxd3 h6 25. Qd4 Nb8 26. h4 Nc6 27. Qa1 Qd8 28.
Qa8 Bd7 29. Qxb7 Ne7 30. Nd4 Be8 31. Nd6 cxd6 32. exd6 Nc8 33. Nc6 Nxd6 34. cxd6
Qxd6 35. Nb4 Bd7 36. Qa8+ Kh7 37. Qe4+ f5 38. Qf4 e5 39. Qc4 Be6 40. Qc3 Bd7 41.
Nd3 Bc6+ 42. Kf1 Bb5 43. Ke2 0-1

[Event "World Blitz 2016"]
[Site "Doha QAT"]
[Date "2016.12.29"]
[Round "10.38"]
[White "Anton Guijarro, David"]
[Black "Tregubov, Pavel V."]
[Result "1-0"]
[WhiteTitle "GM"]
[BlackTitle "GM"]
[WhiteElo "2650"]
[BlackElo "2585"]
[WhiteFideId "2285525"]
[BlackFideId "4115341"]
[EventDate "2016.12.29"]

1. d4 Nf6 2. c4 c5 3. d5 b5 4. cxb5 a6 5. bxa6 g6 6. Nc3 Bxa6 7. e4 Bxf1 8. Kxf1
d6 9. Nf3 Nbd7 10. g3 Bg7 11. Kg2 O-O 12. a4 Ra6 13. Qe2 Qa8 14. Re1 Rb8 15. Bg5
h6 16. Bf4 Ng4 17. h3 Nge5 18. Nxe5 Nxe5 19. Bc1 c4 20. Rd1 Nd3 21. Rd2 Bxc3 22.
bxc3 Rxa4 23. Rxa4 Qxa4 24. Rxd3 cxd3 25. Qxd3 g5 26. h4 f6 27. Be3 Rb2 28. e5
dxe5 29. Qg6+ Kf8 30. Qxh6+ Ke8 31. Qg6+ Kd8 32. hxg5 Qc4 33. Qg8+ Kd7 34. Qe6+
Kd8 35. gxf6 Qe4+ 36. Kh3 Qh7+ 37. Kg4 Qg6+ 38. Bg5 exf6 39. Qxf6+ Qxf6 40.
Bxf6+ Kd7 41. f3 Rd2 42. Bxe5 Rxd5 43. f4 Ke6 44. Kg5 Rd1 45. g4 Rg1 46. Bd4 Kf7
47. f5 Rf1 48. Kh4 Rh1+ 49. Kg3 Rf1 50. Kg2 Rf4 51. Kh3 Rf1 52. Kg3 Ke7 53. Kh4
Kf7 54. Kg5 Rh1 55. c4 Rc1 56. c5 Rc4 57. Be3 Rc3 58. Kf4 Rc4+ 59. Kf3 Kf6 60.
Bf2 Rc3+ 61. Ke4 Rc4+ 62. Bd4+ Kg5 63. f6 Kg6 64. Kd5 Rc1 65. c6 Kf7 66. g5 Rc2
67. Kd6 Rd2 68. Kc5 Rc2+ 69. Kd5 Rc1 70. Be5 Rd1+ 71. Kc5 Rc1+ 72. Kb6 Ke6 73.
Bf4 Rc4 74. c7 Kd7 75. Be5 Rb4+ 76. Kc5 Rg4 77. f7 1-0

[Event "World Blitz 2016"]
[Site "Doha QAT"]
[Date "2016.12.29"]
[Round "10.39"]
[White "Henriquez Villagra, Cristobal"]
[Black "Flores, Diego"]
[Result "1-0"]
[WhiteTitle "IM"]
[BlackTitle "GM"]
[WhiteElo "2517"]
[BlackElo "2579"]
[WhiteFideId "3409350"]
[BlackFideId "108049"]
[EventDate "2016.12.29"]

1. e4 c5 2. Nf3 e6 3. d4 cxd4 4. Nxd4 a6 5. Bd3 Bc5 6. Nb3 Be7 7. Qg4 g6 8. Qe2
d6 9. O-O Nd7 10. a4 Ne5 11. Bf4 Qc7 12. Na3 Bd7 13. a5 Rc8 14. Bxe5 dxe5 15.
Nc4 Nf6 16. Nb6 Rd8 17. Nxd7 Nxd7 18. Ra4 O-O 19. Rc4 Qb8 20. Rd1 Nf6 21. Qd2
Rd7 22. Re1 Rfd8 23. Qc3 Ne8 24. Nc5 Rc7 25. Qxe5 Bf6 26. Qg3 Bxb2 27. Rb1 Nd6
28. Nxa6 bxa6 29. Rxc7 Qxc7 30. Rxb2 Qxa5 31. Rb1 Nb5 32. h4 Nc3 33. Rb7 Qc5 34.
Qf3 Rf8 35. Bxa6 Qd4 36. Bd3 Na4 37. Qe3 Qxe3 38. fxe3 Rc8 39. Kf2 Nc5 40. Rb2
Nd7 41. Rb5 Kg7 42. Kf3 Kf6 43. g4 h6 44. g5+ hxg5 45. hxg5+ Ke7 46. e5 Rc7 47.
Ke4 Ra7 48. Kd4 Rc7 49. c4 Ra7 50. c5 Ra4+ 51. Bc4 Nxe5 52. Kxe5 Rxc4 53. Rb7+
Kf8 54. Kf6 Ke8 55. Re7+ Kd8 56. Rxf7 Rxc5 57. Kxg6 Re5 58. Rf3 Ke8 59. Kh6 Re4
60. g6 Rh4+ 61. Kg7 Ke7 62. Rf7+ Kd6 63. Kf8 Rh8+ 64. Kg7 Rh3 65. e4 Rh4 66. Rf6
Ke7 67. e5 Rh5 68. Rf7+ Ke8 69. Kf6 Rf5+ 70. Kxe6 Rg5 71. Kf6 Rg2 72. Rh7 Rf2+
73. Ke6 Kf8 74. Rf7+ 1-0

[Event "World Blitz 2016"]
[Site "Doha QAT"]
[Date "2016.12.29"]
[Round "10.40"]
[White "Al-Sayed, Mohammed"]
[Black "Agdestein, Simen"]
[Result "1/2-1/2"]
[WhiteTitle "GM"]
[BlackTitle "GM"]
[WhiteElo "2508"]
[BlackElo "2602"]
[WhiteFideId "12100196"]
[BlackFideId "1500015"]
[EventDate "2016.12.29"]

1. d4 Nf6 2. Nf3 e6 3. Bg5 h6 4. Bxf6 Qxf6 5. Nbd2 d5 6. e4 Qd8 7. Bd3 Be7 8.
Qe2 O-O 9. c3 c5 10. exd5 exd5 11. O-O Nc6 12. dxc5 Bxc5 13. Nb3 Bb6 14. Nfd4
Qf6 15. Rad1 Ne5 16. Rfe1 Bg4 17. f3 Nxd3 18. Rxd3 Bd7 19. Re3 Ba4 20. Qd3 Rad8
21. g3 h5 22. Kg2 h4 23. Re5 g6 24. Qd2 Bc7 25. Re7 Rc8 26. Qh6 Bc6 27. R1e6 Qg7
28. Qxh4 Bd8 29. Qf4 Bxe7 30. Rxe7 Rfe8 31. Ne6 Rxe7 32. Nxg7 Kxg7 33. Nd4 Rce8
34. h4 Bd7 35. h5 a6 36. g4 gxh5 37. Qg5+ Kf8 38. Qxh5 Kg8 39. Qg5+ Kh7 40. Qxd5
f6 41. Kg3 Kg7 42. Qd6 Bc8 43. a4 Re1 44. a5 R1e5 45. Qc7+ R5e7 46. Qc5 Re5 47.
Qd6 R5e7 48. b4 Re3 49. Qc5 R3e5 50. Qc7+ R5e7 51. Qd6 Re3 52. c4 R3e5 53. b5
axb5 54. cxb5 R5e7 55. a6 bxa6 56. bxa6 Ra7 57. Qc6 Rae7 58. Nb5 Bd7 59. Qb6
Bxb5 60. Qxb5 Ra8 61. g5 Rea7 62. gxf6+ Kxf6 63. Qc6+ Ke7 64. Qe4+ Kd7 65. f4
Rxa6 66. Qd5+ Ke7 67. Qe5+ Kf7 68. Qd5+ 1/2-1/2

[Event "World Blitz 2016"]
[Site "Doha QAT"]
[Date "2016.12.29"]
[Round "10.41"]
[White "Quparadze, Giga"]
[Black "Neelotpal, Das"]
[Result "1/2-1/2"]
[WhiteTitle "IM"]
[BlackTitle "GM"]
[WhiteElo "2481"]
[BlackElo "2463"]
[WhiteFideId "13602250"]
[BlackFideId "5003512"]
[EventDate "2016.12.29"]

1. e4 c5 2. Nf3 e6 3. Nc3 a6 4. g3 b5 5. Bg2 Bb7 6. d3 d6 7. O-O Nd7 8. Ng5 h6
9. Nh3 Ngf6 10. f4 Qc7 11. f5 exf5 12. Rxf5 Be7 13. Rf1 Ne5 14. Nf4 O-O 15. Nh5
Nxh5 16. Qxh5 Qd8 17. Nd1 Bg5 18. Ne3 Bc8 19. Qe2 Re8 20. h4 Bxe3+ 21. Bxe3 Be6
22. Bf4 Rc8 23. Qd2 Kh7 24. Rf2 Ng4 25. Rff1 f6 26. Be3 d5 27. Bf2 d4 28. a3 Qd6
29. Bf3 Ne5 30. Bg2 Red8 31. Rad1 Bg4 32. Rc1 c4 33. Rfe1 Qe6 1/2-1/2

[Event "World Blitz 2016"]
[Site "Doha QAT"]
[Date "2016.12.29"]
[Round "10.42"]
[White "Potapov, Pavel"]
[Black "Debashis, Das"]
[Result "1-0"]
[WhiteTitle "GM"]
[BlackTitle "GM"]
[WhiteElo "2493"]
[BlackElo "2472"]
[WhiteFideId "4169786"]
[BlackFideId "5024854"]
[EventDate "2016.12.29"]

1. e4 c5 2. c3 d5 3. exd5 Qxd5 4. d4 Nf6 5. Nf3 Bg4 6. Be2 e6 7. O-O Nc6 8. h3
Bh5 9. Be3 cxd4 10. cxd4 Be7 11. Nc3 Qd8 12. Qb3 Rb8 13. Rfd1 Nd5 14. Nxd5 exd5
15. Bf4 Bd6 16. Qxd5 Bxf4 17. Qxh5 O-O 18. d5 Ne7 19. d6 Ng6 20. d7 Qf6 21. Rab1
Rbd8 22. Qd5 Bb8 23. Qxb7 Nf4 24. Bd3 g5 25. Qe4 Qh6 26. Bc2 f5 27. Qc4+ Kh8 28.
Qc3+ Rf6 29. Re1 g4 30. Re8+ Kg7 31. Rxd8 Ne2+ 32. Kf1 Nxc3 33. Rg8+ Kxg8 34.
d8=Q+ Rf8 35. Bb3+ Kh8 36. Qd4+ Rf6 37. Re1 Ne4 38. Qd8+ Rf8 39. Qd4+ Nf6 40.
Ng1 g3 41. Nf3 gxf2 42. Kxf2 Kg7 43. Re6 Qh5 44. Kf1 Qh6 45. Kf2 Qc1 46. Re7+
Kh8 47. Re2 Kg7 48. Rc2 Qh6 49. Re2 Qg6 50. Kf1 Qh6 51. Bc2 Qc1+ 52. Kf2 Kg6 53.
Nh4+ Kh5 54. Bd1 Kh6 55. Nxf5+ Kg6 56. Bc2 1-0

[Event "World Blitz 2016"]
[Site "Doha QAT"]
[Date "2016.12.29"]
[Round "10.43"]
[White "Shytaj, Luca"]
[Black "Kayumov, Sergey"]
[Result "0-1"]
[WhiteTitle "IM"]
[BlackTitle "GM"]
[WhiteElo "2435"]
[BlackElo "2505"]
[WhiteFideId "812633"]
[BlackFideId "14200880"]
[EventDate "2016.12.29"]

1. e4 e5 2. Nf3 Nc6 3. Bc4 Bc5 4. O-O Nf6 5. d3 a6 6. a4 h6 7. Nc3 d6 8. Be3 Ba7
9. Bxa7 Rxa7 10. d4 O-O 11. dxe5 dxe5 12. h3 Be6 13. Bxe6 fxe6 14. Qd3 Qe8 15.
Qc4 Nh5 16. Ne2 Kh7 17. Kh2 Ra8 18. Rad1 Rf6 19. Qc5 Rxf3 20. gxf3 Qf7 21. Qe3
Rf8 22. c3 Na5 23. Qd3 Nf4 24. Nxf4 Qxf4+ 25. Kg2 Qg5+ 26. Kh1 Qh5 27. f4 Rxf4
28. Qg3 Rf3 29. Qg2 Rxh3+ 30. Kg1 Rh4 31. Rd3 Nc4 32. Rg3 Qf7 33. Rd1 Rf4 34.
Rg4 Rf6 35. Rd3 Nxb2 36. Rdg3 g5 37. Rh3 Kg7 38. Qh2 Nd1 39. Qxe5 Nxf2 40. Rgg3
Nxh3+ 41. Rxh3 Kg6 42. Qg3 Rf1+ 43. Kg2 Rd1 44. Rh1 Rd2+ 45. Kh3 Rf2 46. Qg4 h5
47. Qd1 Qf4 0-1

[Event "World Blitz 2016"]
[Site "Doha QAT"]
[Date "2016.12.29"]
[Round "10.44"]
[White "Amin, Bassem"]
[Black "Sanal, Vahap"]
[Result "1-0"]
[WhiteTitle "GM"]
[BlackTitle "GM"]
[WhiteElo "2662"]
[BlackElo "2474"]
[WhiteFideId "10601457"]
[BlackFideId "6300545"]
[EventDate "2016.12.29"]

1. e4 e5 2. Nf3 Nc6 3. Bb5 a6 4. Ba4 Nf6 5. Qe2 b5 6. Bb3 Bc5 7. a4 Rb8 8. axb5
axb5 9. d3 O-O 10. O-O d6 11. Be3 Bg4 12. c3 Bxe3 13. Qxe3 Nd7 14. Nbd2 Nc5 15.
Bc2 Ne6 16. d4 exd4 17. cxd4 Qf6 18. e5 Qf4 19. d5 Qxe3 20. fxe3 Nb4 21. Bxh7+
Kxh7 22. dxe6 Bxe6 23. Ra7 dxe5 24. Ng5+ Kg6 25. Nxe6 fxe6 26. Rxc7 Nd5 27. Rc6
Rxf1+ 28. Nxf1 Kf6 29. e4 Nb4 30. Rc3 Rd8 31. Ne3 Rd4 32. Ng4+ Kg5 33. Nxe5 Rxe4
34. Nf3+ Kf6 35. Rc5 Nd3 36. Rxb5 Rc4 37. Kf1 Rc2 38. b3 Rf2+ 39. Kg1 Rb2 40. h4
e5 41. g4 e4 42. Rf5+ Ke7 43. Nd4 e3 44. Rf3 Rb1+ 45. Kh2 Re1 46. Rxe3+ Rxe3 47.
Nf5+ Kf6 48. Nxe3 Ke5 49. Kg3 g6 50. Nc2 Ke4 51. b4 Ne5 52. b5 Nc4 53. Nb4 Ke5
54. Nc6+ Ke4 55. Ne7 g5 56. h5 Ke5 57. Nc8 Ke6 58. b6 Kd7 59. h6 Ne5 60. b7 Kc7
61. Nd6 Ng6 62. h7 Nh8 63. Kf3 Kb8 64. Ke4 Kc7 65. Kf5 Kb8 66. Kf6 Kc7 67. Kg7 1-0

[Event "World Blitz 2016"]
[Site "Doha QAT"]
[Date "2016.12.29"]
[Round "10.45"]
[White "Darini, Pouria"]
[Black "Fressinet, Laurent"]
[Result "0-1"]
[WhiteTitle "GM"]
[BlackTitle "GM"]
[WhiteElo "2511"]
[BlackElo "2672"]
[WhiteFideId "12502200"]
[BlackFideId "608742"]
[EventDate "2016.12.29"]

1. d4 Nf6 2. Nc3 d5 3. Bf4 a6 4. e3 e6 5. Bd3 c5 6. Nf3 Nc6 7. O-O c4 8. Be2 b5
9. Ne5 Bb7 10. Bf3 Bd6 11. e4 dxe4 12. Nxe4 Nxe4 13. Bxe4 Bxe5 14. Bxe5 O-O 15.
Qh5 g6 16. Qe2 f6 17. Bxc6 Bxc6 18. Bg3 Qd5 19. f3 Rae8 20. c3 g5 21. Rae1 Kg7
22. Rf2 h5 23. h3 a5 24. a3 Rf7 25. Qe3 b4 26. axb4 axb4 27. h4 gxh4 28. Bxh4 b3
29. Qf4 Ra8 30. Rfe2 Bd7 31. Kh2 Qf5 32. Qxf5 exf5 33. Re7 Ra2 34. Rxf7+ Kxf7
35. Re2 f4 36. Bf2 Bf5 37. d5 Bd3 38. Rd2 Ke7 39. Bd4 Ra1 40. Bc5+ Kd7 41. Bd4
Rc1 42. Rf2 Rc2 43. Kh3 Be2 44. Kh4 Rxb2 45. Bc5 Rc2 46. Ba3 b2 47. Bxb2 Rxb2
48. Kxh5 Kd6 49. Kg4 Rc2 50. Kxf4 Bd3 51. Rxc2 Bxc2 52. g4 Kxd5 53. g5 fxg5+ 54.
Kxg5 Ke6 55. Kf4 Bd3 56. Kg5 Ke5 57. f4+ Ke6 58. Kg4 Kf6 59. Kf3 Kf5 60. Ke3 Kg4
61. Kd4 0-1

[Event "World Blitz 2016"]
[Site "Doha QAT"]
[Date "2016.12.29"]
[Round "10.46"]
[White "Zhang, Zhong"]
[Black "Saeed, Ishaq"]
[Result "1/2-1/2"]
[WhiteTitle "GM"]
[BlackTitle "FM"]
[WhiteElo "2645"]
[BlackElo "2312"]
[WhiteFideId "8600694"]
[BlackFideId "9301453"]
[EventDate "2016.12.29"]

1. Nf3 Nf6 2. g3 b6 3. Bg2 Bb7 4. c4 e6 5. O-O Be7 6. Nc3 O-O 7. Re1 d5 8. cxd5
Nxd5 9. d4 c5 10. e4 Nxc3 11. bxc3 Nd7 12. Bf4 Nf6 13. Ne5 Rc8 14. g4 cxd4 15.
g5 Nd7 16. cxd4 Nxe5 17. Bxe5 Bxg5 18. d5 exd5 19. exd5 Rc5 20. Qd4 Bxd5 21.
Bxg7 Bxg2 22. Kxg2 Qxd4 23. Bxd4 Rd5 24. Be5 f6 25. Bg3 Kf7 26. f4 Bh6 27. Kf3
Rc8 28. Re3 Bf8 29. Rae1 Rd2 30. R1e2 Rcc2 31. Rxd2 Rxd2 32. a4 Bc5 33. Re4 Rd3+
34. Kg4 Ra3 35. Kf5 Be7 36. Rc4 Rd3 37. Rc7 Rd5+ 38. Ke4 Ra5 39. f5 Rxa4+ 40.
Ke3 Ke8 41. Rc8+ Kd7 42. Rh8 h5 43. Rxh5 b5 44. Rh8 b4 45. Rb8 Kc6 46. h4 Bc5+
47. Kd2 Ra3 48. Rc8+ Kd5 49. Bf4 Rh3 50. Rh8 Kc4 51. Rc8 Kd5 52. Rh8 Ke4 53. Bc7
Kxf5 1/2-1/2

[Event "World Blitz 2016"]
[Site "Doha QAT"]
[Date "2016.12.29"]
[Round "10.47"]
[White "Jumabayev, Rinat"]
[Black "Stratonowitsch, Andre"]
[Result "1-0"]
[WhiteTitle "GM"]
[WhiteElo "2611"]
[BlackElo "2138"]
[WhiteFideId "13702661"]
[BlackFideId "24613959"]
[EventDate "2016.12.29"]

1. e4 c5 2. Nf3 e6 3. d4 cxd4 4. Nxd4 Nc6 5. Nb5 d6 6. c4 a6 7. N5c3 Nf6 8. Bf4
Be7 9. Be2 O-O 10. O-O Ne5 11. Nd2 Qc7 12. Rc1 b6 13. Bg3 Bb7 14. f4 Nc6 15. Kh1
Nd4 16. Bd3 h5 17. h3 Rad8 18. Qe1 Qb8 19. Qf2 e5 20. Nd5 Bxd5 21. exd5 Nd7 22.
Rce1 Nc5 23. Bb1 Bf6 24. b4 Na4 25. Ne4 Qc7 26. Nxf6+ gxf6 27. Bh4 Qe7 28. fxe5
dxe5 29. Bxf6 1-0

[Event "World Blitz 2016"]
[Site "Doha QAT"]
[Date "2016.12.29"]
[Round "10.48"]
[White "Atabayev, Yusup"]
[Black "Maghsoodloo, Parham"]
[Result "1-0"]
[WhiteTitle "IM"]
[BlackTitle "GM"]
[WhiteElo "2473"]
[BlackElo "2584"]
[WhiteFideId "14001128"]
[BlackFideId "12539929"]
[EventDate "2016.12.29"]

1. e4 g6 2. d4 Bg7 3. Nc3 d6 4. Nf3 Nf6 5. Be2 O-O 6. O-O a6 7. a4 a5 8. h3 Nc6
9. Be3 Nd7 10. Nb5 Nb4 11. c3 Na6 12. Qd2 c6 13. Na3 Nc7 14. Bh6 Re8 15. Bxg7
Kxg7 16. Rad1 b6 17. Nh2 Rb8 18. f4 b5 19. axb5 cxb5 20. f5 b4 21. Nc4 bxc3 22.
bxc3 Nf6 23. Bd3 e5 24. Nxa5 Bd7 25. Ng4 Nxg4 26. hxg4 Qh4 27. Qe2 exd4 28. cxd4
Nd5 29. Qf3 Nf6 30. Rde1 Nxg4 31. Qh3 Qg5 32. Nc4 gxf5 33. Nxd6 f4 34. Nxe8+
Rxe8 35. Qf3 Qh5 36. Qxf4 Re6 37. e5 Rh6 38. Qxf7+ Qxf7 39. Rxf7+ Kxf7 40. d5
Ke7 41. Bc4 Bf5 42. d6+ Kd7 43. Bb5+ Kc8 44. Rc1+ Kb8 45. Rc5 Rh5 46. e6 Nf6 47.
d7 1-0

[Event "World Blitz 2016"]
[Site "Doha QAT"]
[Date "2016.12.29"]
[Round "10.49"]
[White "Quintiliano Pinto, Renato R."]
[Black "Perez Ponsa, Federico"]
[Result "0-1"]
[WhiteTitle "IM"]
[BlackTitle "GM"]
[WhiteElo "2484"]
[BlackElo "2585"]
[WhiteFideId "2117568"]
[BlackFideId "117927"]
[EventDate "2016.12.29"]

1. d4 g6 2. e4 Bg7 3. Nc3 d6 4. Be3 a6 5. Nf3 b5 6. Qd2 Bb7 7. Bd3 Nd7 8. a4 b4
9. Ne2 c5 10. Ng3 Ngf6 11. Bh6 Bxh6 12. Qxh6 cxd4 13. Nxd4 Qb6 14. Qe3 Ng4 15.
Qe2 Qxd4 16. Qxg4 Qxb2 17. O-O Nf6 18. Qf4 Qd4 19. Rfd1 Qc5 20. a5 O-O 21. Qh6
Qxf2+ 22. Kh1 Qc5 23. h3 Qe5 24. Qe3 h5 25. Re1 Rac8 26. Rad1 Qxa5 27. Nf5 Qe5
28. Qg5 Kh8 29. Qh6+ Nh7 30. Ne3 Qg5 31. Qxg5 Nxg5 32. Nd5 a5 33. Ra1 Rc5 34.
Nb6 Kg7 35. Nd7 Rfc8 36. Nxc5 Rxc5 37. Ra2 Bc6 38. Rea1 a4 39. Rb1 b3 40. cxb3
axb3 41. Rxb3 Nxe4 42. Rc2 Rxc2 43. Bxc2 Nf6 44. Rb6 Bd5 45. Kg1 Be6 46. Rb7 Ng8
47. Rc7 Kf6 48. Rb7 Nh6 49. Be4 h4 50. Bd3 d5 51. Rb4 g5 52. Rb7 Nf5 53. Rb5 Nd6
54. Rb6 Nc8 55. Rb7 Nd6 56. Rb6 Bf5 57. Be2 Ke5 58. Kf2 e6 59. Rb8 Ne4+ 60. Ke1
f6 61. Rb4 Nc5 62. Rb5 Ne4 63. Rb4 Nd6 64. Rb6 Be4 65. Kf2 Nf5 66. Rb5 Nd4 67.
Rb2 Kf4 68. Bg4 f5 69. Bd1 e5 70. Ra2 Ne6 71. Ra3 Nc5 72. Be2 d4 73. Bc4 Bc6 74.
Be2 Ne4+ 75. Ke1 Nc3 76. Bf1 Bd5 77. Ra5 Be4 78. Ra3 Nd5 79. Kf2 Ne3 80. Ra5 g4
81. hxg4 fxg4 82. Ra3 g3+ 83. Kg1 Ng4 84. Be2 Nf2 85. Kf1 h3 86. gxh3 Nxh3 0-1

[Event "World Blitz 2016"]
[Site "Doha QAT"]
[Date "2016.12.29"]
[Round "10.50"]
[White "Xu, Yi"]
[Black "Venkatesh, M.R."]
[Result "1-0"]
[WhiteTitle "IM"]
[BlackTitle "GM"]
[WhiteElo "2430"]
[BlackElo "2439"]
[WhiteFideId "8605564"]
[BlackFideId "5005779"]
[EventDate "2016.12.29"]

1. e4 d5 2. exd5 Nf6 3. d4 Bg4 4. Nf3 Qxd5 5. Nc3 Qh5 6. Bf4 Nc6 7. Bxc7 e6 8.
Be2 Bb4 9. Bf4 Qf5 10. Be3 Ne4 11. Bd2 Nxd4 12. Nxe4 Qxe4 13. Nxd4 Qxg2 14. Rf1
O-O-O 15. Bxb4 Bxe2 16. Qxe2 Rxd4 17. Bd2 Rhd8 18. O-O-O Qd5 19. Be3 Rxd1+ 20.
Rxd1 Qxa2 21. Rxd8+ Kxd8 22. Qd3+ Ke8 23. Qb5+ Kf8 24. Bc5+ 1-0

[Event "World Blitz 2016"]
[Site "Doha QAT"]
[Date "2016.12.29"]
[Round "10.51"]
[White "Christiansen, Johan-Sebastian"]
[Black "Aleksandrov, Aleksej"]
[Result "0-1"]
[WhiteTitle "IM"]
[BlackTitle "GM"]
[WhiteElo "2429"]
[BlackElo "2574"]
[WhiteFideId "1512668"]
[BlackFideId "13500139"]
[EventDate "2016.12.29"]

1. Nf3 Nf6 2. c4 e6 3. g3 d5 4. Bg2 dxc4 5. O-O a6 6. a4 Nc6 7. Qc2 Na5 8. Na3
Qd5 9. Rd1 Nb3 10. Rb1 Nxc1 11. Rbxc1 Bxa3 12. bxa3 Bd7 13. Qxc4 Bc6 14. Qb4 a5
15. Qh4 Qd6 16. Rc3 O-O 17. d3 h6 18. Rdc1 Nd5 19. Rb3 Nb6 20. Nd2 Bd5 21. Bxd5
exd5 22. Rbc3 Rac8 23. Rc5 Rfe8 24. e3 0-1

[Event "World Blitz 2016"]
[Site "Doha QAT"]
[Date "2016.12.29"]
[Round "10.53"]
[White "khayat, Abdullah F"]
[Black "Gashimov, Sarkhan"]
[Result "0-1"]
[WhiteElo "1732"]
[BlackElo "2351"]
[WhiteFideId "21500460"]
[BlackFideId "13400657"]
[EventDate "2016.12.29"]

1. Nf3 Nf6 2. d4 b6 3. g3 Bb7 4. Bg2 c5 5. c3 e6 6. O-O Be7 7. Nbd2 O-O 8. Re1
d5 9. Ne5 Nfd7 10. e4 Nxe5 11. dxe5 d4 12. f4 Nc6 13. Nc4 b5 14. Nd6 Bxd6 15.
exd6 Qxd6 16. cxd4 Nxd4 17. e5 Qb6 18. Be3 Rfd8 19. Qh5 g6 20. Qh4 Bxg2 21. Kxg2
Qc6+ 22. Kf1 0-1